日本の滝百選 - Statistics

General Stats
  • This quiz has been taken 12 times
  • The average score is 5 of 100
Answer Stats
番号 所在地 落差 滝の名称 % Correct
66 和歌山県那智勝浦町 133m 那智の滝
92%
23 栃木県日光市 97m 華厳の滝
83%
22 茨城県大子町 120m 袋田の滝
58%
17 山形県戸沢村 124m 白糸の滝
50%
50 静岡県富士宮市 20m、25m 白糸・音止の滝
50%
46 岐阜県養老町 30m 養老の滝
42%
57 大阪府箕面市 33m 箕面の滝
42%
52 三重県熊野市 53m 布引の滝
33%
61 兵庫県神戸市中央区 43m 布引の滝
33%
38 富山県立山町 350m 称名滝
25%
6 北海道斜里町 50m オシンコシンの滝
17%
53 三重県名張市 8m 赤目四十八滝
8%
63 奈良県下北山村 100m 不動七重滝
8%
1 北海道東川町 270m 羽衣の滝
0%
2 北海道白老町 44m インクラの滝
0%
3 北海道島牧村 70m "飛竜"賀老の滝
0%
4 北海道上川町 90m、104m 流星・銀河の滝
0%
5 北海道札幌市南区 26m アシリベツの滝
0%
7 青森県鰺ヶ沢町 85m くろくまの滝
0%
8 青森県十和田市 90m 松見の滝
0%
9 岩手県八幡平市 15m 不動の滝
0%
10 宮城県仙台市太白区 55m 秋保大滝
0%
11 宮城県蔵王町 181m 三階滝
0%
12 秋田県小坂町 60m 小坂七滝
0%
13 秋田県鹿角市 100m 茶釜の滝
0%
14 秋田県由利本荘市 57.4m 法体の滝
0%
15 秋田県北秋田市 90m 安の滝
0%
16 山形県米沢市 80m 滑川大滝
0%
18 山形県鶴岡市 90m 七ツ滝
0%
19 福島県須賀川市 6m 乙字ヶ滝
0%
20 福島県檜枝岐村 100m 三条の滝
0%
21 福島県郡山市 48m 銚子ヶ滝
0%
24 栃木県日光市 75m 霧降滝
0%
25 群馬県沼田市 7m 吹割の滝
0%
26 群馬県草津町 40m 常布の滝
0%
27 群馬県渋川市 37m 棚下不動滝
0%
28 埼玉県小鹿野町 76m 丸神の滝
0%
29 東京都檜原村 60m 払沢の滝
0%
30 神奈川県相模原市緑区 50m 早戸大滝
0%
31 神奈川県山北町 69m 洒水の滝
0%
32 山梨県山梨市 50m 七ツ釜五段の滝
0%
33 山梨県北杜市 121m 北精進ヶ滝
0%
34 山梨県甲府市 30m 仙娥滝
0%
35 新潟県村上市 55m 鈴ヶ滝
0%
36 新潟県妙高市 55m 苗名滝
0%
37 新潟県妙高市 80m 惣滝
0%
39 石川県白山市 76m 姥ヶ滝
0%
40 福井県池田町 60m 龍双ヶ滝
0%
41 長野県須坂市 85m、80m 米子大瀑布
0%
42 長野県松本市 50~60m 三本滝
0%
43 長野県南木曽町 40m 田立の滝
0%
44 岐阜県下呂市 63m 根尾の滝
0%
45 岐阜県高山市 64m 平湯大滝
0%
47 岐阜県郡上市 60m 阿弥陀ヶ滝
0%
48 静岡県静岡市葵区 80m 阿倍の大滝
0%
49 静岡県伊豆市 25m 浄蓮の滝
0%
51 愛知県新城市 62m 阿寺七滝
0%
54 三重県大台町 120m 七ツ釜滝
0%
55 滋賀県高島市 30m 八ツ淵の滝
0%
56 京都府宮津市 40m 金引の滝
0%
58 兵庫県宍粟市 88m 原不動滝
0%
59 兵庫県香美町 60m 猿尾滝
0%
60 兵庫県養父市 98m 天滝
0%
62 奈良県天川村 70m 双門の滝
0%
64 奈良県十津川村 32m 笹の滝
0%
65 奈良県上北山村 250m 中の滝
0%
67 和歌山県新宮市 21m 桑ノ木の滝
0%
68 和歌山県白浜町 22m 八草の滝
0%
69 鳥取県琴浦町 43m 大山滝
0%
70 鳥取県鳥取市 40m 雨滝
0%
71 島根県隠岐の島町 50m 壇鏡の滝
0%
72 島根県雲南市 40m 龍頭・八重滝
0%
73 岡山県真庭市 110m 神庭の滝
0%
74 広島県三次市 126m 常清滝
0%
75 山口県岩国市 18m 寂地峡五竜の滝
0%
76 徳島県那賀町 20m 大釜の滝
0%
77 徳島県海陽町 58m 轟九十九滝
0%
78 徳島県神山町 45m 雨乞の滝
0%
79 愛媛県宇和島市 80m 雪輪の滝
0%
80 愛媛県久万高原町 102m 御来光の滝
0%
81 高知県大豊町 20m 龍王の滝
0%
82 高知県香美市 82m 轟の滝
0%
83 高知県越知町 34m 大樽の滝
0%
84 佐賀県唐津市 45m 観音の滝
0%
85 佐賀県唐津市 100m 見帰りの滝
0%
86 熊本県菊池市 15m 四十三万滝
0%
87 熊本県八代市 70m 栴檀轟の滝
0%
88 熊本県南阿蘇村 60m 数鹿流ヶ滝
0%
89 熊本県人吉市 36m 鹿目の滝
0%
90 大分県宇佐市 85m 東椎屋の滝
0%
91 大分県豊後大野市 20m 原尻の滝
0%
92 大分県九重町 83m 震動の滝
0%
93 大分県玖珠町 86m 西椎屋の滝
0%
94 宮崎県都城市 18m 関之尾滝
0%
95 宮崎県都農町 73m 矢研の滝
0%
96 宮崎県延岡市 77m 行縢の滝
0%
97 宮崎県高千穂町 17m 真名井の滝
0%
98 鹿児島県姶良市 46m 竜門滝
0%
99 鹿児島県屋久島町 88m 大川の滝
0%
100 沖縄県竹富町 20m マリュドゥの滝
0%
No matching quizzes found
Score Distribution
Percent of People with Each Score
Percentile by Number Answered
Your Score History
You have not taken this quiz